| 000 | 01251cab a2200253 4500 | ||
|---|---|---|---|
| 001 | X2472 | ||
| 008 | 090401t1995 xxu||||| |||| 00| 0 eng d | ||
| 035 | _a(Sirsi) u24488 | ||
| 041 | _aeng | ||
| 245 | _aHoughton v SoS Environment and Bromley LBC | ||
| 260 | _c1995 | ||
| 350 | _a0 | ||
| 490 |
_aProperty and Compensation Reports _v(1995) 70 P&CR 178-183(6) |
||
| 520 | _aQBD 12 January 1995. Town and Country Planning Act 1990 - PPG2 permitting use of green belt land for outdoor sports - construciton of private tennis court and mower shed on wooded green belt land adjoining residential dwelling-house - refusal of planning permission - appeal against refusal dismissed - whether the inspector erred in law by interpreting PPG2 as applying to public outdoor sports only - whether error was material - whether inspector incorrectly applied test in s54a of the Town and County Planning Act 1990. (Journal abstract.) | ||
| 650 | _aGREEN BELT | ||
| 650 | _aOUTDOOR SPORT | ||
| 650 | _aPLANNING APPLICATIONS | ||
| 650 | _aPLANNING POLICY GUIDANCE NOTE 2 (GREEN BELTS) | ||
| 650 | _aTENNIS COURT | ||
| 650 | _aTOWN AND COUNTRY PLANNING ACT 1990 S54A | ||
| 690 | _aPLANNING LAW AND PRACTICE-CASE LAW | ||
| 942 | _n0 | ||
| 948 | _c04/03/1997 | ||
| 999 |
_c16422 _d16422 |
||